Lute and the plough: a life of Rabindranath Tagore (Record no. 369149)

000 -LEADER
fixed length control field 00393cam a22001337a 4500
008 - FIXED-LENGTH DATA ELEMENTS--GENERAL INFORMATION
fixed length control field 180718b1963 xxu||||| |||| 00| 0 eng d
082 ## - DEWEY DECIMAL CLASSIFICATION NUMBER
Classification number A99 T129/K527
100 ## - MAIN ENTRY--PERSONAL NAME
Personal name Khanolkar, G.D.
245 ## - TITLE STATEMENT
Title Lute and the plough: a life of Rabindranath Tagore
Statement of responsibility, etc. by G.D. Khanolkar
260 ## - PUBLICATION, DISTRIBUTION, ETC.
Place of publication, distribution, etc. Bombay
Name of publisher, distributor, etc. Bk. Centre
Date of publication, distribution, etc. 1963
300 ## - PHYSICAL DESCRIPTION
Extent 376p.
500 ## - GENERAL NOTE
General note Rs.24.00
650 ## - SUBJECT ADDED ENTRY--TOPICAL TERM
Topical term or geographic name entry element Tagore, Rabindranath, 1861-1941
Holdings
Withdrawn status Lost status Damaged status Not for loan Permanent Location Current Location Date acquired Full call number Barcode Date last seen Price effective from Koha item type
        Indian Institute of Public Administration Indian Institute of Public Administration 1994-05-30 A99 T129/K527 33268 2018-07-21 2018-07-21 Book

Powered by Koha